000 00925nam a22003017a 4500
001 000326
003 DO-SdBNP
005 20230824130432.0
007 000326
008 160627b2005 sp | 0 spa d
020 _a8420468924
040 _aBPMSU
_bspa
_cBPMSU
082 4 _a923.1381
_bM198v 2005
_222
100 1 _aCebrián, Eloy M.,
_d1963-
245 1 0 _aVida de Alejandro, por Bucéfalo /
_cEloy M Cebrián
246 1 2 _5Por Bucéfalo
260 _aMadrid :
_bAlfaguara,
_c2005.
300 _a290 p. ;
_c22 cm.
490 0 _aRoja ;
_aAlfaguara.
500 _aIncluye datos biográficos del autor. en la contracubierta
590 _6Inventariado, 2023/VM
600 1 4 _aAlejandro Magno,
_d356-323 a.de J. C.
650 4 _aHistoria antigua
_ySiglo IV a.C.
651 4 _aGrecia
_xHistoria
651 4 _aMacedonia
_xHistoria
_yHasta 168 a. J.C
910 _aVMateo v. control de calidad, BPMSU
942 _2ddc
_cBK
999 _c10603
_d10603